Fundações e entidades de interesse social : (Record no. 706)
[ view plain ]
| 000 -LÍDER | |
|---|---|
| Campo Fixo de Controle | 00938nam a2200265 a 4500 |
| 001 - NÚMERO DE CONTROLE | |
| Campo de Controle | 706 |
| 003 - IDENTIFICAÇÃO DO NÚMERO DE CONTROLE | |
| Campo de Controle | BR-CuiBMT |
| 005 - DATA E HORA DA ÚLTIMA ATUALIZAÇÃO | |
| Campo de Controle | 20231114002106.0 |
| 008 - DADOS FIXOS | |
| Dados Fixos | 231101s2001 dfb 001 0 por d |
| 020 ## - INTERNATIONAL STANDARD BOOK NUMBER | |
| Nº do ISBN | 8574691755 |
| 040 ## - AGÊNCIA CATALOGADORA | |
| Código da Agência Catalogadora | BR-CuiBMT |
| Agência que transcreveu o registro | BR-CuiBMT |
| 080 ## - Nº DA CLASSIFICAÇÃO DECIMAL UNIVERSAL | |
| Nº Class. CDU | 2007 |
| Nº edição CDU | 35.07:347.471 |
| 090 ## - NÚMERO DE CHAMADA | |
| Nº classificação | 35.07:347.471 |
| Cutter | P126f |
| Ano/Edição | 3. ed. |
| 100 1# - ENTRADA PRINCIPAL -- AUTOR PESSOAL | |
| Nome pessoal | Paes, José Eduardo Sabo |
| 245 1# - TÍTULO PRINCIPAL | |
| Título principal | Fundações e entidades de interesse social : |
| Subtítulo | aspectos jurídicos, administrativos, contábeis, e tributários / |
| Indicação de responsabilidade | José Eduardo Sabo Paes. |
| 250 ## - EDIÇÃO | |
| Edição | 3. ed., rev., atual. e ampl. |
| 260 ## - PUBLICAÇÃO, DISTRIBUIÇÃO, ETC. | |
| Local de publicação | Brasília : |
| Editora | Jurídica, |
| Data | 2001. |
| 300 ## - DESCRIÇÃO FÍSICA | |
| N. páginas ou volumes | 599 p. ; |
| Dimensões | 23 cm |
| 504 ## - NOTA DE BIBLIOGRAFIA, ETC. | |
| Nota de bibliografia | Inclui bibliografia e índice. |
| 650 ## - ASSUNTO TÓPICO | |
| Cabeçalho tópico ou nome geográfico | Fundação (direito civil) |
| Subdivisão geográfica | Brasil |
| 650 ## - ASSUNTO TÓPICO | |
| Cabeçalho tópico ou nome geográfico | Associações sem fins lucrativos |
| Subdivisão de forma | Legislação |
| Subdivisão geográfica | Brasil |
| 650 ## - ASSUNTO TÓPICO | |
| Cabeçalho tópico ou nome geográfico | Fundações e instituições |
| Subdivisão de forma | Estatuto |
| Subdivisão geográfica | Brasil |
| 650 ## - ASSUNTO TÓPICO | |
| Cabeçalho tópico ou nome geográfico | Terceiro setor |
| Subdivisão geográfica | Brasil |
| 942 ## - ELEMENTOS DE ENTRADA ADICIONAIS (KOHA) | |
| Fonte de classificação ou esquema de arquivamento | Classificação Decimal Universal |
| Tipo de item do Koha | Livros |
| Estado: removido | Estado: perdido | Fonte de classificação ou esquema de arquivamento | Estado: danificado | Indisponível para empréstimo | Localização permanente | Localização atual | Data de aquisição | Total Checkouts | Número de Chamada completo | Código de barras | Date last seen | Número do exemplar | Preço efetivo a partir de | Tipo de item (Koha) |
|---|---|---|---|---|---|---|---|---|---|---|---|---|---|---|
| Classificação Decimal Universal | Biblioteca da Escola Superior de Contas do TCE/MT | Biblioteca da Escola Superior de Contas do TCE/MT | 14/11/2023 | 35.07:347.471 P126f 3. ed. | BIBTCEMT23110556 | 14/11/2023 | Ex. 1 | 14/11/2023 | Livros |